| 000 | 01512nam1a2200397 i 4500 | ||
|---|---|---|---|
| 001 | RU\NLR\BIBL_A\022281966 | ||
| 005 | 20241213103039.0 | ||
| 010 |
_a978-5-8291-4267-4 _9300 |
||
| 035 | _a(NLR Aleph) 022281966 | ||
| 090 |
_a13224158 _c13224158 |
||
| 100 | _a20240722d2024 k y0rusy50 ca | ||
| 101 | 0 | _arus | |
| 102 | _aRU | ||
| 105 | _a z y | ||
| 181 | 0 |
_ai _baxxe |
|
| 182 | 0 | _an | |
| 200 | 1 |
_aТрадиции. Суеверия. Ценности _eмонография _eв 3 кн. _fВ. И. Пьянов, В. В. Пьянов |
|
| 203 |
_aТекст _bвизуальный _cнепосредственный |
||
| 210 |
_aМосква _cАкадемический проект _d2024- |
||
| 215 | _d22 | ||
| 225 | 1 | _aДревность славян | |
| 606 | 1 |
_aСуеверия _yРоссия _92087851 _3RU\NLR\AUTH\661263991 |
|
| 606 | 1 |
_aСлавяне _xТрадиционная культура _92404187 _3RU\NLR\AUTH\661432912 |
|
| 606 | 1 |
_aЯзычество русское _xПережитки в православии _92351930 _3RU\NLR\AUTH\661405060 |
|
| 686 | 1 | _aТ52(2=Р) | |
| 686 | 1 | _aТ52(4)=ОИ1 | |
| 686 | 1 | _aЭ391.92 | |
| 686 | 2 | _aЭ372.24-481 | |
| 686 | 1 | _aЭ319.1(4)415г | |
| 700 | 1 |
_aПьянов _bВ. И. _gВладимир Иванович |
|
| 701 | 1 |
_aПьянов _bВ. В. _gВладимир Владимирович |
|
| 852 |
_aNLR _j2024-5/5235 |
||
| 942 | _cBOOK | ||